000 00878nam a2200241Ia 4500
001 904
003 GE_BSU
008 181216s||||||||xx |||||||||||||| ||und||
040 _cGE_BSU
080 _a616.31(075.8):355(075.8)
100 _aКабаков,Б.Д.
245 _aУчебное пособие по военной челюстно-лицевой хирургии,терапевтической и ортопедической стоматологии
245 _b(Краткий курс военной стоматологии).Учебное пособие для студ.стоматологических ин-тов
250 _a2-е изд-е
260 _aМосква
260 _bМедицина
260 _c1980
300 _a270стр.
541 _h6л.
653 _aмедицина
653 _aстоматология
942 _cBK
999 _c35064
_d35064